Welcome to the Holygrace Academy Library

Please use search bar below to get started

THE CASCADES (Record no. 2950)

MARC details
000 -LEADER
fixed length control field 00273nam a22001217a 4500
082 ## - DEWEY DECIMAL CLASSIFICATION NUMBER
Classification number 030
Item number WIL/C
100 ## - MAIN ENTRY--AUTHOR NAME
Personal name WILLIAMS RICHARD L
245 ## - TITLE STATEMENT
Title THE CASCADES
260 ## - PUBLICATION, DISTRIBUTION, ETC. (IMPRINT)
Place of publication ALEXANDRIA
Name of publisher TIME LIFE BOOKS
300 ## - PHYSICAL DESCRIPTION
Number of Pages 184
650 ## - SUBJECT ADDED ENTRY--TOPICAL TERM
Topical Term GENERAL KNOWLEDGE
Geographic subdivision ALEXANDRIA
942 ## - ADDED ENTRY ELEMENTS (KOHA)
Koha item type Books
Holdings
Withdrawn status Lost status Collection code Home library Current library Shelving location Date acquired Source of acquisition Full call number Accession Number Koha item type
    Reference Main Library Main Library   20/05/2004 PURCHASE 030 WIL/C 01388 Books